Výzvy a príležitosti franchisingu v súčasnom období

Franchisingové koncepty sú schopné rozvíjať sa aj v súčasnom období globálnej ekonomickej a finančnej krízy. Príklady niektorých reťazcov. Príležitosti franchisingu na trhu v SR.

Enregistré dans:
Détails bibliographiques
Auteur principal: Štensová, Antónia
Format: Chapitre de livre
Langue:slovaque
Sujets:
Tags: Ajouter un tag
Pas de tags, Soyez le premier à ajouter un tag!

MARC

LEADER 00000naa$a2200000$$$4500
001 0103981
005 20240502072133.2
041 0 |a slo 
044 |a SK 
245 1 0 |a Výzvy a príležitosti franchisingu v súčasnom období  |c Antónia Štensová 
520 |a Franchisingové koncepty sú schopné rozvíjať sa aj v súčasnom období globálnej ekonomickej a finančnej krízy. Príklady niektorých reťazcov. Príležitosti franchisingu na trhu v SR. 
610 2 0 |a franchising 
610 2 0 |a Slovensko 
610 2 0 |a kríza finančná 
610 2 0 |a kríza hospodárska 
100 1 |a Štensová, Antónia